Faculty of Law Library — Cairo University

Official Online Catalog

Explicații teoretice ale codului de procedură penală român / (Record no. 74060)

MARC details
000 -LEADER
fixed length control field 01284nam a2200337 i 4500
003 - CONTROL NUMBER IDENTIFIER
control field EG-GICUC
005 - DATE AND TIME OF LATEST TRANSACTION
control field 20260429101848.0
008 - FIXED-LENGTH DATA ELEMENTS--GENERAL INFORMATION
fixed length control field 260429s1975 rm |||fr|||| 001 0 eng d
040 ## - CATALOGING SOURCE
Original cataloging agency EG-GiCUC
Language of cataloging eng
Transcribing agency EG-GiCUC
Modifying agency EG-GiCUC
Description conventions rda
041 ## - LANGUAGE CODE
Language code of text/sound track or separate title eng
082 04 - DEWEY DECIMAL CLASSIFICATION NUMBER
Edition number 21
Classification number 343.30498
Item number DO . E
092 04 - LOCALLY ASSIGNED DEWEY CALL NUMBER (OCLC)
Edition number 21
099 ## - LOCAL FREE-TEXT CALL NUMBER (OCLC)
Classification number Law1 10 343.30498 DO . E 1975
100 1# - MAIN ENTRY--PERSONAL NAME
Personal name Dongoroz, Vintilă.
Relator term Author.
245 10 - TITLE STATEMENT
Title Explicații teoretice ale codului de procedură penală român /
Statement of responsibility, etc. Vintilă Dongoroz, Siegfried Kahane, George Antoniu
Number of part/section of a work Vol. 1
264 #1 - PRODUCTION, PUBLICATION, DISTRIBUTION, MANUFACTURE, AND COPYRIGHT NOTICE
Place of production, publication, distribution, manufacture București :
Name of producer, publisher, distributor, manufacturer Editura Academiei Republicii Socialiste România,
Date of production, publication, distribution, manufacture, or copyright notice 1975.
300 ## - PHYSICAL DESCRIPTION
Extent 434 pages ;
Dimensions 24 cm
Other physical details illustrations,
336 ## - CONTENT TYPE
Source rda content
Content type term text
337 ## - MEDIA TYPE
Source rda media
Media type term Computer
338 ## - CARRIER TYPE
Source rda carrier
Carrier type term Online Resource
500 ## - GENERAL NOTE
General note ACADEMIA DE STIINTE SOCIALE SI POLITICE A REPUBLICII SOCIALISTE ROMÂNIA INSTITUTUL DE CERCETARI JURIDICE.
504 ## - BIBLIOGRAPHY, ETC. NOTE
Bibliography, etc. note Bibliography: pages 200-250.
546 ## - LANGUAGE NOTE
Language note Text in Romanian
650 14 - SUBJECT ADDED ENTRY--TOPICAL TERM
Topical term or geographic name entry element Law of criminal procedure
Source of heading or term qrmak
651 1# - SUBJECT ADDED ENTRY--GEOGRAPHIC NAME
Source of heading or term qrmak
700 1# - ADDED ENTRY--PERSONAL NAME
Personal name Kahane, Siegfried
Relator term Co-directeur de thèse
700 1# - ADDED ENTRY--PERSONAL NAME
Personal name Antoniu, George
Relator term Co-directeur de thèse
856 40 - ELECTRONIC LOCATION AND ACCESS
Uniform Resource Identifier <a href="https://fll.law.cu.edu.eg/fulltext/bks/B10-11996.pdf">https://fll.law.cu.edu.eg/fulltext/bks/B10-11996.pdf</a>
905 ## - Cataloger and Reviser Names
Cataloger Name: Mayar Adel
942 ## - ADDED ENTRY ELEMENTS (KOHA)
Source of classification or shelving scheme Dewey Decimal Classification
Koha item type Books
Edition 21
Suppress in OPAC No
Holdings
Withdrawn status Lost status Source of classification or shelving scheme Damaged status Not for loan Collection Home library Current library Date acquired Total checkouts Full call number Barcode Date last seen Copy number Price effective from Koha item type
    Dewey Decimal Classification   Not for loan القانون الجنائي جــــامعة القــاهرة مكتبة كلية الحقوق - المبنى الرئيسي 29.04.2026   Law1 10 343.30498 DO . E 1975 1011996 C1 B10-11996 29.04.2026 1 29.04.2026 Books

© All rights reserved — Faculty of Law, Cairo University